[Event "AUT-chT2M 1718"]
[Site "Austria"]
[Date "2018.02.09"]
[Round "7.2"]
[White "Renner, Christoph"]
[Black "Reichmann, Egon"]
[Result "1-0"]
[WhiteElo "2333"]
[BlackElo "2289"]
[PlyCount "77"]
[EventDate "2017.10.27"]
[EventType "team-tourn"]
[EventRounds "11"]
[EventCountry "AUT"]
[SourceTitle "EXT 2019"]
[Source "ChessBase"]
[SourceDate "2018.10.10"]
[SourceVersion "1"]
[SourceVersionDate "2018.10.10"]
[SourceQuality "1"]
[WhiteTeam "Sauwald"]
[BlackTeam "Villach Admira"]
[WhiteTeamCountry "AUT"]
[BlackTeamCountry "AUT"]

1. e4 c6 2. d4 d5 3. exd5 cxd5 4. Bd3 Nc6 5. c3 Nf6 6. Bf4 g6 7. Nf3 Bg7 8. 0-0 0-0 9. Nbd2 Nh5 10. Be3 f5 11. Nb3 f4 12. Bd2 Qd6 13. Re1 Bg4 14. Be2 Rae8 15. h3 Bc8 16. Nc1 Nf6 17. Bb5 Ne4 18. Nd3 Bd7 19. a4 Kh8 20. Nfe5 f3 21. Bxc6 bxc6 22. Bf4 Rxf4 23. Nxf4 Rf8 24. Qxf3 g5 25. Nfg6+ hxg6 26. Nf7+ Rxf7 27. Qxf7 e5 28. dxe5 Bxe5 29. Rad1 Bf5 30. g4 Bh2+ 31. Kg2 Qf4 32. Re2 Bg3 33. Qf8+ Kh7 34. Qf7+ Kh8 35. gxf5 Bxf2 36. Qf8+ Kh7 37. fxg6+ Kxg6 38. Qxf4 gxf4 39. Rxf2 1-0

[Event "BL2-Ost 1718"]
[Site "Germany"]
[Date "2018.02.04"]
[Round "8.2"]
[White "Renner, Christoph"]
[Black "Mischustov, Michael"]
[Result "0-1"]
[WhiteElo "2333"]
[BlackElo "2331"]
[PlyCount "160"]
[EventDate "2017.10.21"]
[EventType "team-tourn"]
[EventRounds "10"]
[EventCountry "GER"]
[SourceTitle "CBM 183 Extra"]
[Source "ChessBase"]
[SourceDate "2018.04.19"]
[SourceVersion "1"]
[SourceVersionDate "2018.04.19"]
[SourceQuality "1"]
[WhiteTeam "Garching"]
[BlackTeam "Nuernberg NT"]
[WhiteTeamCountry "GER"]
[BlackTeamCountry "GER"]

1. e4 e6 2. Qe2 c5 3. Nf3 Nc6 4. g3 Nge7 5. Bg2 g6 6. h4 h6 7. 0-0 Bg7 8. d3 d6 9. c3 e5 10. Na3 0-0 11. h5 Bg4 12. hxg6 fxg6 13. Qe3 g5 14. Nh2 Be6 15. Qe2 Qd7 16. Nc4 Rad8 17. a4 d5 18. exd5 Nxd5 19. Re1 Bf5 20. Be4 Nf6 21. Bxf5 Qxf5 22. Be3 b6 23. Rad1 Nd5 24. Bc1 Rd7 25. Ng4 h5 26. Nh2 g4 27. Rf1 Qg6 28. Qe4 Nde7 29. Kg2 Rfd8 30. Qxg6 Nxg6 31. Bg5 Nge7 32. Rfe1 Kf7 33. f3 Rxd3 34. Rxd3 Rxd3 35. fxg4 hxg4 36. Bxe7 Kxe7 37. Nxg4 Ke6 38. Nf2 Rd7 39. Rh1 Ne7 40. Kf3 Nd5 41. Ne4 Nf6 42. Nxf6 Bxf6 43. Rh6 Rd3+ 44. Kg4 Rd7 45. Ne3 Rd3 46. Nf5 Rd7 47. Rg6 Rd2 48. Nh6 Rxb2 49. Kf3 Rc2 50. g4 Rxc3+ 51. Kg2 Rc2+ 52. Kg3 Rc1 53. Kg2 Ke7 54. g5 Bxg5 55. Rxg5 Kf6 56. Rg4 Rc2+ 57. Kg3 Rc3+ 58. Kg2 Rb3 59. Ng8+ Kf7 60. Nh6+ Ke6 61. Rg7 a5 62. Ng4 e4 63. Kf2 Ra3 64. Ne3 Rxa4 65. Rg6+ Ke5 66. Rxb6 Ra2+ 67. Ke1 a4 68. Kd1 Kd4 69. Nc2+ Kc3 70. Rc6 c4 71. Ne3 Kd3 72. Kc1 Kxe3 73. Rxc4 a3 74. Kb1 Rd2 75. Ra4 Rd3 76. Kc2 Kf3 77. Ra8 Ke2 78. Rh8 a2 79. Rh1 Ra3 80. Rh2+ Kf1 0-1